Pakistan faces India / (Record no. 184242)
[ view plain ]
| 000 -LEADER | |
|---|---|
| fixed length control field | 00578 a2200169 4500 |
| 003 - CONTROL NUMBER IDENTIFIER | |
| control field | Nust |
| 005 - DATE AND TIME OF LATEST TRANSACTION | |
| control field | 20230301181001.0 |
| 040 ## - CATALOGING SOURCE | |
| Transcribing agency | Nust |
| 082 ## - DEWEY DECIMAL CLASSIFICATION NUMBER | |
| Classification number | 327.5491054,BEG |
| 100 ## - MAIN ENTRY--PERSONAL NAME | |
| Personal name | Beg, Aziz |
| 9 (RLIN) | 9260 |
| 245 ## - TITLE STATEMENT | |
| Title | Pakistan faces India / |
| Statement of responsibility, etc. | Aziz Beg |
| 260 ## - PUBLICATION, DISTRIBUTION, ETC. | |
| Place of publication, distribution, etc. | Lahore |
| Name of publisher, distributor, etc. | Babur Pub. |
| 300 ## - PHYSICAL DESCRIPTION | |
| Extent | 282 p. |
| 505 ## - FORMATTED CONTENTS NOTE | |
| Formatted contents note | Milestone (Page-17), Slings And Arrows (Page-49), The Kashmir Kingpin (Page-69), Enemy Number One (Page-89), The Showdown (Page-107), Balance Of Terror (Page-137), Fact And Fancy (Page-155), The Hindu Mind (Page-177). |
| 650 ## - SUBJECT ADDED ENTRY--TOPICAL TERM | |
| Topical term or geographic name entry element | Pakistan |
| 942 ## - ADDED ENTRY ELEMENTS (KOHA) | |
| Source of classification or shelving scheme | |
| Koha item type | Book |
| Withdrawn status | Lost status | Source of classification or shelving scheme | Damaged status | Not for loan | Permanent Location | Current Location | Shelving location | Date acquired | Full call number | Barcode | Date last seen | Price effective from | Koha item type | Public note |
|---|---|---|---|---|---|---|---|---|---|---|---|---|---|---|
| Military College of Signals (MCS) | Military College of Signals (MCS) | General Stacks | 12/12/2016 | 327.5491054,BEG | MCS21523 | 12/08/2016 | 12/12/2016 | Book | Almirah No.73, Shelf No.5 |
